000 01446cam a2200421 a 4500
001 6756
003 FISKH
005 20250827144807.0
008 090330s2009 nyua j 000 1 eng
010 _a 2009011862
020 _a9781416982968 (alk. paper)
020 _a9781416982968
020 _a1416982965 (alk. paper)
020 _a9780329719692 (FollettBound Platinum)
020 _a0329719696 (FollettBound Platinum)
040 _aDLC
_cDLC
_dDLC
_beng
050 _aPZ7.A3174 O
082 _a557
100 1 _aAlbee, Sarah.
245 1 0 _aOlivia trains her cat /
_cadapted by Sarah Albee ; illustrated by Shane L. Johnson.
260 _aNew York :
_bSimon Spotlight,
_c2009.
300 _a24 unnumbered pages :
_bcolor illustrations ;
_c23 cm
490 0 _aReady-to-read
500 _a"Based on the TV series, Olivia as seen on Nickelodeon"--Copyright page.
505 _aJ
520 _aOlivia becomes frustrated when she does not succeed in teaching her cat to do tricks like Francine's cat.
521 8 _a430
_bLexile
521 8 _aJ
_bRaz-Plus
650 0 _aCats
_vJuvenile fiction.
650 0 _aTalent shows
_vJuvenile fiction.
650 0 _aSchools
_vJuvenile fiction.
650 0 _aRebuses
_vJuvenile fiction.
650 0 _aSwine
_vJuvenile fiction.
700 1 _aJohnson, Shane L.
_eillustrator
906 _a7
_bcbc
_corignew
_d1
_eecip
_f20
_gy-gencatlg
942 _2ddc
_cBK
_n0
999 _c6756
_d6756